000 00190 a2200097 4500
020 _a9781558854932
041 _aspa
100 _aGwendolyn Zepeda
245 _aLoa tamales de Ana
942 _cBK
999 _c4572
_d4572